Central Library OPAC University of Rajshahi

Mount Pleasant, Dorset : (Record no. 22254)

MARC details
000 -LEADER
fixed length control field 01353cam a2200325 i 4500
001 - CONTROL NUMBER
control field 22254
003 - CONTROL NUMBER IDENTIFIER
rucl marc code BD-RjUL
005 - DATE AND TIME OF LATEST TRANSACTION
control field 20211209000803.0
008 - FIXED-LENGTH DATA ELEMENTS--GENERAL INFORMATION
fixed length control field 140306s1979 enkabef b 001 0 eng
020 ## - INTERNATIONAL STANDARD BOOK NUMBER
International Standard Book Number 0500990298 :
035 ## - SYSTEM CONTROL NUMBER
System control number (BD-RjUL)22319
040 ## - CATALOGING SOURCE
Original cataloging agency DLC
Transcribing agency DLC
Modifying agency BD-RjUL
Language of cataloging eng
041 ## - LANGUAGE CODE
Language code of text/sound track or separate title eng
082 00 - DEWEY DECIMAL CLASSIFICATION NUMBER
Classification number 942.464
Edition number 19
Author mark and year WAM 1979
100 1# - MAIN ENTRY--PERSONAL NAME
Personal name Wainwright, G. J.
9 (RLIN) 68690
245 10 - TITLE STATEMENT
Title Mount Pleasant, Dorset :
Remainder of title excavations 1970-1971, incorporating an account of excavations undertaken at Woodhenge in 1970 /
Statement of responsibility, etc. by G. J. Wainwright ; with major contributions by D. Britton ... [et al.].
260 ## - PUBLICATION, DISTRIBUTION, ETC. (IMPRINT)
Place of publication, distribution, etc. London :
Name of publisher, distributor, etc. Society of Antiquaries of London : distributed by Thames and Hudson,
Date of publication, distribution, etc. 1979.
300 ## - PHYSICAL DESCRIPTION
Pagination xiv, 265 p., 37 leaves of plate :
Illustrations ill., maps, plans, tables ;
Size 28 cm.
490 1# - SERIES STATEMENT
Series statement Reports of the Research Committee of the Society of Antiquaries of London ; no. 37
504 ## - BIBLIOGRAPHY, ETC. NOTE
Bibliography, etc Bibliography: p. [257]-261.
650 #0 - SUBJECT ADDED ENTRY--TOPICAL TERM
Topical term or geographic name as entry element Excavations (Archaeology)
Geographic subdivision England
-- Dorset.
9 (RLIN) 68691
651 #0 - SUBJECT ADDED ENTRY--GEOGRAPHIC NAME
Geographic name Mount Pleasant Site (England)
9 (RLIN) 68692
Geographic name Woodhenge (England)
9 (RLIN) 68693
Geographic name Dorset (England)
General subdivision Antiquities.
9 (RLIN) 68694
830 #0 - SERIES ADDED ENTRY--UNIFORM TITLE
Volume number/sequential designation no. 37.
Uniform title Reports of the Research Committee of the Society of Antiquaries of London ;
942 ## - ADDED ENTRY ELEMENTS (KOHA)
Source of classification or shelving scheme Dewey Decimal Classification
Koha item type Books
Holdings
Lost status Source of classification or shelving scheme Damaged status Not for loan Collection code Permanent Location Current Location Shelving location Date acquired Source of acquisition Cost, normal purchase price Total Checkouts Full call number Date last seen Copy number Koha item type
  Dewey Decimal Classification   Added to bundle Non-fiction Central Library, University of Rajshahi Central Library, University of Rajshahi Reading Room 15/04/1982 Zeitlinger 0.00   942.464 WAM 1979 06/03/2014 C-1 Books